Uttar Pradesh: (Record no. 11473)

MARC details
000 -LEADER
fixed length control field 01254 a2200289 4500
005 - DATE AND TIME OF LATEST TRANSACTION
control field 20210601145236.0
010 ## - LCCN (DPL NO)
LC control number ENG-89845 B-311419-429 B-739949
020 ## - INTERNATIONAL STANDARD BOOK NUMBER
International Standard Book Number 9788123749600
Terms of availability 75.00
035 ## - SYSTEM CONTROL NUMBER
System control number EN-73378
035 ## - SYSTEM CONTROL NUMBER
System control number B-311419-429
035 ## - SYSTEM CONTROL NUMBER
System control number B-358525
035 ## - SYSTEM CONTROL NUMBER
System control number B-739949
037 ## - SOURCE OF ACQUISITION
Source of stock number/acquisition DBAD / PUB
037 ## - SOURCE OF ACQUISITION
Source of stock number/acquisition Gift
082 ## - DEWEY DECIMAL CLASSIFICATION NUMBER
Classification number 954.13
100 ## - MAIN ENTRY--PERSONAL NAME
Personal name Jha, Subodh Nath
245 ## - TITLE STATEMENT
Title Uttar Pradesh:
Remainder of title the land and the people /
Statement of responsibility, etc by Subodh Nath Jha
260 ## - PUBLICATION, DISTRIBUTION, ETC. (IMPRINT)
Place of publication, distribution, etc New Delhi
Name of publisher, distributor, etc National Book Trust
Date of publication, distribution, etc 2007
270 ## - ADDRESS
Address A-5, Green Park
City New Delhi
Postal code 110016
300 ## - PHYSICAL DESCRIPTION
Extent xii, 216p.
Dimensions 22cm(pbk)
490 ## - SERIES STATEMENT
Series statement India-the land and the people
500 ## - GENERAL NOTE
General note Includes index.
942 ## - ADDED ENTRY ELEMENTS (KOHA)
Institution code [OBSOLETE] dpl
Item type English Books
Source of classification or shelving scheme Dewey Decimal Classification
Classification part 954.13
Call number suffix JHA
Holdings
Withdrawn status Lost status Not for loan Home library Current library Date acquired Cost, normal purchase price Barcode Cost, replacement price Koha item type Collection code Source of acquisition Full call number Copy number Public note
      Ashok Vihar Ashok Vihar 01/06/2021 75.00 B-739949 75.00 English Books Non-fiction Gift/Eng/03-05-2021 954.13 JHA 1 Gift
      Bagh Kadhe Khan Bagh Kadhe Khan 14/05/2009 75.00 B-311426 75.00 English Books Non-fiction North India Publishers /N357/08/19.1.09/244/12.12.08/20.1.09 954.13 JHA 1  
      Bawana Bawana 14/05/2009 75.00 B-311428 75.00 English Books Non-fiction North India Publishers /N357/08/19.1.09/244/12.12.08/20.1.09 954.13 JHA 1  
      Central Library Central Library 14/05/2009 75.00 B-311419 75.00 English Books Non-fiction North India Publishers /N357/08/19.1.09/244/12.12.08/20.1.09 954.13 JHA 1  
      Andrews Gunj D.B.Act.Division 01/10/2008 75.00 EN-73378 75.00 English Books          
      Janak Puri Janak Puri 19/09/2009 75.00 B-358525 75.00 English Books Non-fiction Bharat Pustak Bhandar/BPB63/09/14.9.09/99/4.9.09/16.9.09 954.13 JHA 1  
      Karol Bagh Karol Bagh 14/05/2009 75.00 B-311425 75.00 English Books Non-fiction North India Publishers /N357/08/19.1.09/244/12.12.08/20.1.09 954.13 JHA 1  
      Narela Narela 14/05/2009 75.00 B-311427 75.00 English Books Non-fiction North India Publishers /N357/08/19.1.09/244/12.12.08/20.1.09 954.13 JHA 1  
      Patel Nagar Patel Nagar 14/05/2009 75.00 B-311420 75.00 English Books Non-fiction North India Publishers /N357/08/19.1.09/244/12.12.08/20.1.09 954.13 JHA 1  
      Peshwa Road Peshwa Road 14/05/2009 75.00 B-311421 75.00 English Books Non-fiction North India Publishers /N357/08/19.1.09/244/12.12.08/20.1.09 954.13 JHA 1  
      R.K.Puram-8 R.K.Puram-8 14/05/2009 75.00 B-311423 75.00 English Books Non-fiction North India Publishers /N357/08/19.1.09/244/12.12.08/20.1.09 954.13 JHA 1  
      Sarojini Nagar Sarojini Nagar 14/05/2009 75.00 B-311422 75.00 English Books Non-fiction North India Publishers /N357/08/19.1.09/244/12.12.08/20.1.09 954.13 JHA 1  
      Shahdara Branch Shahdara Branch 14/05/2009 75.00 B-311429 75.00 English Books Non-fiction North India Publishers /N357/08/19.1.09/244/12.12.08/20.1.09 954.13 JHA 1  
      Vinoba Puri Vinoba Puri 14/05/2009 75.00 B-311424 75.00 English Books Non-fiction North India Publishers /N357/08/19.1.09/244/12.12.08/20.1.09 954.13 JHA 1  

© Delhi Public Library
Hit Counter
free hit counter